| 000 | 01375nam a22003731a 4500 | ||
|---|---|---|---|
| 001 | 013042716 | ||
| 003 | EG-ScBUE | ||
| 005 | 20220606125837.0 | ||
| 008 | 090114s2004 enk f 000 0 eng d | ||
| 020 | _a0521546958 | ||
| 020 | _a9780521546959 | ||
| 040 |
_aEG-ScBUE _beng _erda _cEG-ScBUE _dEG-ScBUE |
||
| 082 | 0 | 4 |
_a428.24071 _222 _bLUC |
| 100 | 1 |
_aLucantoni, Peter, _eauthor. _933420 |
|
| 245 | 1 | 0 |
_aEnglish as a second language, _pTeacher's book / _cPeter Lucantoni and Lydia Kellas. |
| 246 | 3 | 0 | _aTeacher's book |
| 250 | _aSecond edition. | ||
| 264 | 1 |
_aCambridge : _bCambridge University Press, _c2004. |
|
| 300 |
_avi, 58 pages ; _c25 cm. |
||
| 336 |
_2rdacontent _atext _btxt |
||
| 337 |
_2rdamedia _aunmediated _bn |
||
| 338 |
_2rdacarrier _avolume _bnc |
||
| 490 | 0 | _aCambridge international examinations | |
| 500 | _aPrevious ed.: 2001. | ||
| 500 | _a"Endorsed by University of Cambridge International Examinations"--Cover. | ||
| 650 | 7 |
_aEnglish language _xStudy and teaching _xForeign speakers. _2BUEsh _933421 |
|
| 650 | 7 |
_aEnglish language _vExaminations, questions, etc. _2BUEsh _933422 |
|
| 651 | _2BUEsh | ||
| 653 |
_cAugust2013 _bHHUUEENN |
||
| 655 |
_vReading book _934232 |
||
| 700 | 1 |
_aKellas, Lydia, _eauthor. _933423 |
|
| 710 | 2 |
_aUniversity of Cambridge. _bLocal Examinations Syndicate. _bInternational Examinations. _933424 |
|
| 942 |
_2ddc _cBB |
||
| 999 |
_c17499 _d17471 |
||